[Event "Amagermesterskabet 2015"]
[Site "Sundbyoster"]
[Date "2015.08.25"]
[Round "2"]
[White "Tolba, Henri"]
[Black "Frank Nielsen, Marie"]
[Result "0-1"]
[WhiteElo "1633"]
[BlackElo "1926"]
[PlyCount "68"]
[EventDate "2015.??.??"]

1. d4 Nf6 2. c4 g6 3. Nc3 Bg7 4. e4 d6 5. f3 O-O 6. Be3 e5 7. d5 Nbd7 8. Qd2 a5
9. Nge2 Nc5 10. h4 h5 11. Bg5 c6 12. g3 Qb6 13. Nc1 Kh7 14. Be3 cxd5 15. cxd5
Bd7 16. a4 Qc7 17. Bb5 b6 18. O-O Rae8 19. Ra3 Ng8 20. Nd3 Nh6 21. Nxc5 bxc5
22. Bxd7 Qxd7 23. Kh2 f5 24. Bg5 Rb8 25. Rf2 Rb4 26. Qe2 fxe4 27. Nxe4 Rxe4 28.
Qxe4 Ng4+ 29. Kg2 Nxf2 30. Kxf2 Rb8 31. Qc2 Qh3 32. Ke3 Qxg3 33. Ra1 e4 34.
Qxe4 Rb3+ 0-1

[Event "Amagermesterskabet 2015"]
[Site "Sundbyoster"]
[Date "2015.08.25"]
[Round "2"]
[White "Varming, Thomas"]
[Black "Haagen Larsen, Hans"]
[Result "1-0"]
[WhiteElo "1853"]
[BlackElo "1606"]
[PlyCount "93"]
[EventDate "2015.??.??"]

1. d4 d6 2. Nf3 g6 3. Bf4 Nc6 4. d5 e5 5. Bg5 Nce7 6. e4 h6 7. Bd2 Bg7 8. Bd3
c5 9. c4 Nf6 10. O-O O-O 11. b4 b6 12. a4 Nh5 13. bxc5 bxc5 14. Nc3 a6 15. Rb1
Nf4 16. Qc2 g5 17. g3 Nh3+ 18. Kg2 Ng6 19. Ne2 h5 20. Qc1 Bh6 21. Nfg1 Nxg1 22.
Nxg1 f5 23. exf5 Bxf5 24. Bxf5 Rxf5 25. h4 Nf4+ 26. gxf4 gxf4 27. Qc2 Qf6 28.
Nf3 Kh8 29. Rh1 Rg8+ 30. Kf1 Qf7 31. Ke2 Rf6 32. Rhg1 Rg4 33. Rb8+ Bf8 34. Rxg4
hxg4 35. Ng5 Qc7 36. Rxf8+ Rxf8 37. Ne6 Qf7 38. Nxf8 Qxf8 39. Qg6 g3 40. Qh5+
Kg8 41. fxg3 fxg3 42. Qg6+ Kh8 43. Qh6+ Qxh6 44. Bxh6 Kg8 45. Kf3 Kf7 46. Kxg3
Kf6 47. Bf8 1-0

[Event "Amagermesterskabet 2015"]
[Site "Sundbyoster"]
[Date "2015.09.01"]
[Round "3"]
[White "Andersen, Peter"]
[Black "Hansen, Benny"]
[Result "0-1"]
[WhiteElo "1471"]
[BlackElo "1317"]
[PlyCount "96"]
[EventDate "2015.??.??"]

1. d4 Nf6 2. c4 g6 3. Nc3 Bg7 4. e4 d6 5. h3 O-O 6. f4 e6 7. Nf3 Nbd7 8. Be3 b6
9. Bd3 c5 10. d5 exd5 11. exd5 Re8 12. Qd2 Qe7 13. Kf2 Nh5 14. Rae1 Qd8 15. g4
Nhf6 16. f5 Ne5 17. g5 Nxf3 18. Kxf3 Nd7 19. f6 Ne5+ 20. Kf2 Nxd3+ 21. Qxd3 Bf5
22. Qd2 Bf8 23. h4 Qd7 24. Bf4 Bg4 25. Rxe8 Rxe8 26. Re1 Rxe1 27. Qxe1 Qf5 28.
Qe4 Qd7 29. Nb5 Bh5 30. Bg3 a6 31. Nc3 Qf5+ 32. Qxf5 gxf5 33. Ne2 Bg4 34. Nf4
h6 35. Ke3 hxg5 36. hxg5 Kh8 37. Nd3 Kh7 38. Kf4 Kg6 39. a3 a5 40. Nf2 Be2 41.
b3 a4 42. bxa4 Bxc4 43. Nd1 Bxd5 44. Nc3 Bc4 45. Nd1 d5 46. Ne3 Bd6+ 47. Kf3
Bxg3 48. Kxg3 Kxg5 0-1

[Event "Amagermesterskabet 2015"]
[Site "Sundbyoster"]
[Date "2015.09.01"]
[Round "3"]
[White "Frank Nielsen, Marie"]
[Black "Varming, Thomas"]
[Result "1/2-1/2"]
[WhiteElo "1926"]
[BlackElo "1853"]
[PlyCount "65"]
[EventDate "2015.??.??"]

1. e4 e5 2. Nf3 Nc6 3. Bb5 a6 4. Ba4 Nf6 5. d3 b5 6. Bb3 Bb4+ 7. c3 Be7 8. O-O
d6 9. a4 Bb7 10. Na3 O-O 11. Bg5 bxa4 12. Bxa4 Nd7 13. h4 Kh8 14. Bc2 f6 15.
Bd2 Qe8 16. Nc4 Qh5 17. Ne3 f5 18. Nxf5 Rxf5 19. exf5 Bxh4 20. Nxh4 Qxh4 21.
Ra4 Qe7 22. Qh5 Nf6 23. Qh3 Qd7 24. Bg5 Ne7 25. Rb4 c5 26. Ba4 Qc7 27. Rh4 Ned5
28. Bd1 Rf8 29. Bc1 Bc8 30. Qh2 Bxf5 31. Be2 Ne7 32. Bg5 Ng6 33. Ra4 1/2-1/2

[Event "Amagermesterskabet 2015"]
[Site "Sundbyoster"]
[Date "2015.09.01"]
[Round "3"]
[White "Gade, Jens"]
[Black "Brorsen, Kristian"]
[Result "1-0"]
[WhiteElo "1390"]
[BlackElo "1189"]
[PlyCount "77"]
[EventDate "2015.??.??"]

1. e4 e5 2. Nf3 Nc6 3. Bb5 d6 4. O-O Bd7 5. d4 g6 6. d5 Nb4 7. Bxd7+ Qxd7 8. a3
Na6 9. c4 c6 10. b4 Nf6 11. Nc3 Rc8 12. Qd3 Bg7 13. Be3 cxd5 14. Nxd5 b6 15. c5
Nc7 16. Nxf6+ Bxf6 17. Qxd6 Qxd6 18. cxd6 Ne6 19. Rac1 O-O 20. d7 Rxc1 21. Rxc1
Kg7 22. h4 h6 23. g4 Nf4 24. Bxf4 exf4 25. e5 Be7 26. Rc7 a5 27. bxa5 bxa5 28.
Nd4 Bxh4 29. Nc6 Bd8 30. Rc8 Bf6 31. d8=Q Bxd8 32. Rxd8 Rxd8 33. Nxd8 Kf8 34.
a4 Ke8 35. Nc6 Kd7 36. Nxa5 Kc7 37. Kg2 Kb6 38. Nc4+ Kc5 39. Nd6 1-0

[Event "Amagermesterskabet 2015"]
[Site "Sundbyoster"]
[Date "2015.09.01"]
[Round "3"]
[White "Goschal, Theodor Bogdan"]
[Black "Kinch, Peder"]
[Result "0-1"]
[WhiteElo "1095"]
[BlackElo "1316"]
[PlyCount "82"]
[EventDate "2015.??.??"]

1. Nf3 d5 2. d4 e6 3. g3 Nf6 4. Bg2 c5 5. e3 Nc6 6. O-O Bd7 7. c3 c4 8. Nfd2
Be7 9. h3 O-O 10. b3 Na5 11. b4 Nc6 12. a4 a6 13. Bb2 Qc7 14. a5 Ne4 15. Nxe4
dxe4 16. Nd2 f5 17. Nxc4 Nxb4 18. cxb4 Qxc4 19. Ba3 Bb5 20. Rc1 Qd5 21. Re1
Rac8 22. Rxc8 Rxc8 23. Qd2 Qb3 24. Rc1 Rxc1+ 25. Qxc1 Bc6 26. Qb2 Qxb2 27. Bxb2
Bxb4 28. Bf1 Bxa5 29. Ba3 Bd8 30. Bc5 b5 31. Be2 Kf7 32. Bd1 a5 33. Kg2 a4 34.
Bb4 Be7 35. Bc3 b4 36. Ba1 Bb5 37. f4 exf3+ 38. Kxf3 Bc4 39. Be2 Bxe2+ 40. Kxe2
b3 41. Bc3 a3 0-1

[Event "Amagermesterskabet 2015"]
[Site "Sundbyoster"]
[Date "2015.09.01"]
[Round "3"]
[White "Hellegaard, Dennis"]
[Black "Rasmussen, Erik Elmer"]
[Result "1-0"]
[WhiteElo "1859"]
[BlackElo "1066"]
[PlyCount "73"]
[EventDate "2015.??.??"]

1. d4 Nf6 2. c4 c5 3. d5 g6 4. g3 d6 5. Bg2 Bg7 6. Nc3 O-O 7. h3 Nbd7 8. Nf3
Re8 9. O-O Nb6 10. Qd3 Bf5 11. e4 Bc8 12. Re1 e6 13. Bg5 h6 14. Be3 exd5 15.
exd5 Bf5 16. Qf1 h5 17. Nh4 Bd7 18. Qd3 Na4 19. Nxa4 Bxa4 20. b3 Bd7 21. Rad1
Nh7 22. Kh2 a6 23. f4 Bf6 24. Nxg6 Kg7 25. Nh4 Bxh4 26. gxh4 Qxh4 27. Rg1 Kh8
28. Qc3+ Nf6 29. Bf2 Qxf4+ 30. Bg3 Qg5 31. Rdf1 Kg7 32. Bf4 Qg6 33. Be4 Qxg1+
34. Rxg1+ Kf8 35. Qxf6 Rxe4 36. Bh6+ Ke8 37. Rg8# 1-0

[Event "Amagermesterskabet 2015"]
[Site "Sundbyoster"]
[Date "2015.09.01"]
[Round "3"]
[White "Kibenich, Mikael"]
[Black "Nielsen, Bjorn"]
[Result "1-0"]
[WhiteElo "1461"]
[BlackElo "1105"]
[PlyCount "35"]
[EventDate "2015.??.??"]

1. d4 d5 2. c4 e6 3. Nf3 dxc4 4. e3 Bb4+ 5. Nc3 Bd6 6. Bxc4 Nf6 7. e4 Be7 8.
Qc2 b6 9. e5 Nfd7 10. Qe4 c6 11. Qg4 g6 12. Bh6 Ba6 13. Bxe6 Qc7 14. Bxf7+ Kd8
15. Ng5 Kc8 16. Bg7 Rd8 17. Ne6 Kb7 18. Nxc7 1-0

[Event "Amagermesterskabet 2015"]
[Site "Sundbyoster"]
[Date "2015.09.01"]
[Round "3"]
[White "Larsen, Ulrik Jejlskov"]
[Black "Pedersen, Ole"]
[Result "0-1"]
[WhiteElo "1531"]
[BlackElo "1439"]
[PlyCount "30"]
[EventDate "2015.??.??"]

1. d4 e6 2. e3 f5 3. Qh5+ g6 4. Qd1 Nf6 5. Nf3 b6 6. b3 Bb7 7. Bb2 Bb4+ 8. c3
Be7 9. Nbd2 d6 10. Be2 Nbd7 11. Qc2 h6 12. Nh4 Rg8 13. O-O-O Ne4 14. Nxe4 Bxe4
15. Qd2 Bxh4 0-1

[Event "Amagermesterskabet 2015"]
[Site "Sundbyoster"]
[Date "2015.09.01"]
[Round "3"]
[White "Lunding, Peter M"]
[Black "Skovgaard, Ib"]
[Result "1/2-1/2"]
[WhiteElo "1876"]
[BlackElo "1978"]
[PlyCount "29"]
[EventDate "2015.??.??"]

1. d4 d5 2. Nf3 Nf6 3. Bg5 Ne4 4. Bh4 Qd6 5. Qc1 Nd7 6. Nbd2 c5 7. c3 g6 8. e3
Bh6 9. Nxe4 dxe4 10. Bg3 Qb6 11. Nd2 cxd4 12. cxd4 e5 13. Nc4 Qb4+ 14. Qc3 Qe7
15. Nxe5 1/2-1/2

[Event "Amagermesterskabet 2015"]
[Site "Sundbyoster"]
[Date "2015.09.01"]
[Round "3"]
[White "Mathiesen, Bjarne"]
[Black "Dupont, Michael Kim"]
[Result "1-0"]
[WhiteElo "1517"]
[BlackElo "1215"]
[PlyCount "33"]
[EventDate "2015.??.??"]

1. e4 Nc6 2. Nf3 e5 3. Bc4 Bc5 4. c3 Na5 5. Bb3 d6 6. d4 Nxb3 7. Qxb3 Bb6 8.
O-O h6 9. Rd1 Bg4 10. dxe5 Bxf3 11. gxf3 Qh4 12. Be3 Bxe3 13. fxe3 Qg5+ 14. Kh1
Qxe3 15. Nd2 dxe5 16. c4 O-O-O 17. Qxe3 1-0

[Event "Amagermesterskabet 2015"]
[Site "Sundbyoster"]
[Date "2015.09.01"]
[Round "3"]
[White "Moller, Arne Vagn"]
[Black "Jensen, Jonbert"]
[Result "1-0"]
[WhiteElo "1738"]
[BlackElo "1363"]
[PlyCount "105"]
[EventDate "2015.??.??"]

1. e4 e5 2. Nf3 d6 3. d4 exd4 4. Nxd4 Nf6 5. Nc3 Be7 6. Be2 O-O 7. O-O Bd7 8.
f4 Nc6 9. Be3 Nxd4 10. Bxd4 Bc6 11. Bd3 Qd7 12. f5 b5 13. b4 a6 14. Qf3 Rae8
15. Rae1 Bd8 16. Qh3 g6 17. Qh6 Ba8 18. Re3 Re5 19. Rh3 c5 20. bxc5 Qe7 21.
fxg6 fxg6 22. Rxf6 Rxf6 23. cxd6 Rxd6 24. Bxe5 Bb6+ 25. Kf1 Rd7 26. Rf3 Qc5 27.
Ke2 Qe7 28. Qf4 Bc5 29. Qf6 Qxf6 30. Rxf6 Bb7 31. Bg3 Bd4 32. Rd6 Rxd6 33. Bxd6
Bxc3 34. Ke3 Kf7 35. Bc5 Ke6 36. Bd4 Bb4 37. c3 Bd6 38. g3 b4 39. Bc4+ Ke7 40.
e5 Bc7 41. cxb4 a5 42. Bc5+ Ke8 43. Kd4 axb4 44. Bxb4 Bc6 45. e6 Ba4 46. Kd5
Bb6 47. Bc5 Bc7 48. e7 Bb8 49. Bb3 Bb5 50. a4 Ba6 51. Bc4 Bb7+ 52. Kd4 Bc7 53.
Bb5+ 1-0

[Event "Amagermesterskabet 2015"]
[Site "Sundbyoster"]
[Date "2015.09.01"]
[Round "3"]
[White "Nielsen, Angelo"]
[Black "Kjemtrup, Niels Moller"]
[Result "1-0"]
[WhiteElo "1495"]
[BlackElo "1286"]
[PlyCount "31"]
[EventDate "2015.??.??"]

1. d4 d5 2. c4 Nf6 3. Nc3 g6 4. Bf4 a6 5. Nf3 Bg7 6. e3 Ne4 7. Nxd5 e6 8. Nxc7+
Ke7 9. Nxa8 Qa5+ 10. Nd2 e5 11. Bd3 Bf5 12. Bxe4 Bxe4 13. Bg3 Bxg2 14. Rg1 Rd8
15. Rxg2 exd4 16. Bc7 1-0

[Event "Amagermesterskabet 2015"]
[Site "Sundbyoster"]
[Date "2015.09.01"]
[Round "3"]
[White "Pedersen, Kim Michael"]
[Black "Haugaard, Thomas"]
[Result "1/2-1/2"]
[WhiteElo "1695"]
[BlackElo "1557"]
[PlyCount "32"]
[EventDate "2015.??.??"]

1. d4 d5 2. Nf3 Nf6 3. Bf4 c5 4. c3 Qb6 5. Qc2 Nc6 6. e3 g6 7. dxc5 Qxc5 8. Bd3
Bg7 9. Nbd2 Nd7 10. Nb3 Qb6 11. e4 dxe4 12. Bxe4 e5 13. Be3 Qc7 14. Nfd2 O-O
15. O-O-O Nf6 16. Bf3 Bf5 1/2-1/2

[Event "Amagermesterskabet 2015"]
[Site "Sundbyoster"]
[Date "2015.09.01"]
[Round "3"]
[White "Petersen, Christian Skibsted"]
[Black "Petersen, Nils"]
[Result "0-1"]
[WhiteElo "1728"]
[BlackElo "1906"]
[PlyCount "104"]
[EventDate "2015.??.??"]

1. e4 c5 2. Nf3 e6 3. d4 cxd4 4. Nxd4 Nc6 5. Nc3 a6 6. g3 Nf6 7. Bg2 Be7 8. O-O
O-O 9. Bg5 h6 10. Be3 Qc7 11. Qd2 d6 12. a4 Bd7 13. h3 Rac8 14. f4 Na5 15. Rf2
Nc4 16. Qc1 Nxe3 17. Qxe3 Rfd8 18. g4 Nh7 19. f5 Bh4 20. Re2 Bg5 21. Qd3 Qb6
22. fxe6 fxe6 23. b3 e5 24. Nd5 Qxd4+ 25. Qxd4 exd4 26. Rd1 Bc6 27. Nb6 Be3+
28. Rxe3 dxe3 29. Nxc8 Rxc8 30. Rxd6 Re8 31. Kf1 Ng5 32. Rd3 Nxe4 33. Bxe4 Rxe4
34. Ke2 Kf7 35. a5 Kf6 36. Rd8 Kg5 37. Rd1 Kh4 38. g5 Kxg5 39. Rg1+ Kf6 40. h4
Rxh4 41. Kxe3 g5 42. Rd1 Re4+ 43. Kf2 h5 44. Kg3 Kf5 45. Rd8 h4+ 46. Kf2 Rf4+
47. Ke3 Kg4 48. Rh8 Kg3 49. Rh5 g4 50. Rh6 h3 51. Rd6 h2 52. Rd3 Rf3+ 0-1

[Event "Amagermesterskabet 2015"]
[Site "Sundbyoster"]
[Date "2015.09.01"]
[Round "3"]
[White "Rasmussen, Hans Glavind"]
[Black "Tolba, Henri"]
[Result "1/2-1/2"]
[WhiteElo "1471"]
[BlackElo "1633"]
[PlyCount "50"]
[EventDate "2015.??.??"]

1. Nf3 d5 2. d4 Nf6 3. c4 e6 4. Nc3 Be7 5. e3 O-O 6. Bd3 dxc4 7. Bxc4 c5 8. O-O
Nc6 9. b3 cxd4 10. exd4 a6 11. Be3 b5 12. Bd3 Bb7 13. Qb1 Nb4 14. Ng5 Nxd3 15.
Qxd3 h6 16. Nge4 Nxe4 17. Nxe4 Qd5 18. f3 Rac8 19. Rac1 Rfd8 20. Rfd1 Qf5 21.
Nf2 Qxd3 22. Nxd3 Ba3 23. Rxc8 Rxc8 24. Nc5 Bxc5 25. dxc5 Bd5 1/2-1/2

[Event "Amagermesterskabet 2015"]
[Site "Sundbyoster"]
[Date "2015.09.01"]
[Round "3"]
[White "Sorensen, Johnny"]
[Black "Sorensen, Ole"]
[Result "0-1"]
[WhiteElo "1318"]
[BlackElo "1612"]
[PlyCount "112"]
[EventDate "2015.??.??"]

1. d4 d5 2. c4 e6 3. Nc3 c6 4. Nf3 Nf6 5. Bg5 Be7 6. Qc2 Nbd7 7. e4 dxe4 8.
Nxe4 Nxe4 9. Bxe7 Qxe7 10. Qxe4 Qb4+ 11. Nd2 Qxb2 12. Nb3 Qc3+ 13. Kd1 Nf6 14.
Qe2 O-O 15. Rc1 Qb4 16. c5 e5 17. Qb2 Be6 18. Rc2 Bxb3 19. axb3 Qxd4+ 20. Qxd4
exd4 21. Bd3 h6 22. Kd2 Rfe8 23. f3 Kf8 24. Rc4 Re5 25. Rhc1 Rd8 26. Ra4 a6 27.
Rcc4 Ke7 28. Rab4 Rd7 29. Rxd4 Rxd4 30. Rxd4 Rxc5 31. b4 Rh5 32. h4 c5 33. Rc4
cxb4 34. Rc7+ Kd6 35. Rxb7 Rxh4 36. Rb6+ Kc5 37. Rxa6 Rh2 38. Bf1 Rh1 39. Ra5+
Kb6 40. Rb5+ Kc6 41. Bc4 Rh2 42. Bf1 Rxg2+ 43. Kc1 Rh2 44. Bc4 Ne8 45. Ra5 Kb6
46. Rb5+ Kc6 47. Ra5 Nd6 48. Ra4 Kc5 49. Bd3 Nc4 50. Be4 Kd4 51. Ra7 Ke3 52.
Rxf7 Ra2 53. Kd1 Rg2 54. Re7 Nb2+ 55. Kc1 Nd3+ 56. Kd1 Rd2# 0-1

[Event "Amagermesterskabet 2015"]
[Site "Sundbyoster"]
[Date "2015.09.01"]
[Round "3"]
[White "Svensson, John Michael"]
[Black "Madsen, Michael Leerberg"]
[Result "0-1"]
[WhiteElo "1477"]
[BlackElo "1652"]
[PlyCount "116"]
[EventDate "2015.??.??"]

1. d4 Nf6 2. Nf3 c5 3. d5 d6 4. g3 g6 5. Bg2 b5 6. b3 Bg7 7. Bb2 O-O 8. O-O Bf5
9. Nbd2 Qc7 10. c4 a6 11. Re1 bxc4 12. bxc4 Nbd7 13. e4 Bg4 14. h3 Bxf3 15.
Nxf3 Rab8 16. Qc2 Rxb2 17. Qxb2 Nxe4 18. Qc2 Bxa1 19. Rxa1 Nef6 20. Re1 Re8 21.
Rb1 Rb8 22. Re1 Nb6 23. Qe2 Nc8 24. h4 Qd7 25. Ng5 Qg4 26. Qc2 h6 27. Bh3 Qd4
28. Nf3 Qb2 29. Qxb2 Rxb2 30. Bxc8 Rxa2 31. Rxe7 a5 32. Ba6 a4 33. Bb5 a3 34.
Kf1 Ra1+ 35. Ne1 Ng4 36. Re2 Ne5 37. Kg2 Rc1 38. Rc2 Rxe1 39. Ra2 Rc1 40. Rxa3
Nxc4 41. Ra6 Kf8 42. Bxc4 Rxc4 43. Rxd6 Rd4 44. Kf3 Ke7 45. Rc6 Rxd5 46. Ke4
Rd4+ 47. Ke3 Rc4 48. Kd3 Kd7 49. Kxc4 Kxc6 50. f3 Kd6 51. f4 f5 52. Kc3 Kd5 53.
Kd3 c4+ 54. Kc3 Kc5 55. Kc2 Kd4 56. Kd2 c3+ 57. Kc2 Kc4 58. Kd1 Kd3 0-1

[Event "Amagermesterskabet 2015"]
[Site "Sundbyoster"]
[Date "2015.09.01"]
[Round "3"]
[White "Tronning, Mark Philip"]
[Black "Lontoft, Sven"]
[Result "0-1"]
[WhiteElo "1456"]
[BlackElo "1619"]
[PlyCount "84"]
[EventDate "2015.??.??"]

1. e4 d5 2. exd5 Qxd5 3. Nc3 Qa5 4. d4 c6 5. Bd2 Bf5 6. Nf3 Nf6 7. Ne5 Qc7 8.
g4 Be4 9. Nxe4 Nxe4 10. Bc4 e6 11. Qe2 Nxd2 12. Qxd2 Bd6 13. Qe2 Nd7 14. Nxd7
Qxd7 15. c3 Bf4 16. O-O Qd6 17. f3 h5 18. Rf2 O-O-O 19. Raf1 hxg4 20. fxg4 g5
21. Rg2 Rh3 22. Rf3 Rdh8 23. Rxh3 Rxh3 24. Bb3 Re3 25. Qf1 e5 26. Re2 exd4 27.
Rxe3 dxe3 28. Bxf7 Bxh2+ 29. Kh1 Bf4 30. Qe2 Qe5 31. Kg1 Qe4 32. Bc4 Qb1+ 33.
Kg2 Qe4+ 34. Kg1 Bg3 35. Bd3 Bf2+ 36. Kh2 Qe5+ 37. Kh1 Qg3 38. Qf1 Qh4+ 39. Kg2
Qxg4+ 40. Kh1 Qf3+ 41. Kh2 g4 42. Qg2 g3+ 0-1

[Event "Amagermesterskabet 2015"]
[Site "Sundbyoster"]
[Date "2015.09.08"]
[Round "4"]
[White "Andersen, Peter"]
[Black "Goschal, Theodor Bogdan"]
[Result "1-0"]
[WhiteElo "1471"]
[BlackElo "1095"]
[PlyCount "127"]
[EventDate "2015.??.??"]

1. d4 d5 2. Bf4 Nf6 3. Nf3 Nbd7 4. e3 e6 5. c3 c5 6. Nbd2 c4 7. a4 Be7 8. Be2
Ne4 9. Nxe4 dxe4 10. Nd2 Bg5 11. Nxe4 Bxf4 12. exf4 Nf6 13. Nxf6+ Qxf6 14. g3
Qf5 15. O-O Qd5 16. Bf3 Qd7 17. Qe2 Qc7 18. Rfe1 O-O 19. Qe5 Qb6 20. Qe2 Qb3
21. Be4 Rb8 22. Bc2 Qxb2 23. Qd2 Qb6 24. Be4 Bd7 25. Reb1 Qc7 26. Rb4 a5 27.
Rb2 b6 28. Qc2 f5 29. Bf3 Bc6 30. Qe2 Bxf3 31. Qxf3 Rfc8 32. Rb5 Qc6 33. Kg2
Qxf3+ 34. Kxf3 Rc6 35. h3 Kf7 36. Rab1 Kf6 37. Rxa5 bxa5 38. Rxb8 h6 39. Rb5
Ra6 40. g4 g6 41. Ke3 fxg4 42. hxg4 g5 43. fxg5+ hxg5 44. Ke4 Ra8 45. f4 gxf4
46. Kxf4 Ra6 47. Rc5 Ra8 48. Rxc4 Rb8 49. Rc5 Ra8 50. Rb5 Ra6 51. c4 Ra8 52. c5
Ra6 53. Rb6 Ra8 54. g5+ Ke7 55. Ke5 Kf7 56. Rxe6 Rb8 57. d5 Rb4 58. c6 Rc4 59.
Kd6 Rxa4 60. c7 Rc4 61. Kd7 a4 62. c8=Q Rxc8 63. Kxc8 a3 64. Ra6 1-0

[Event "Amagermesterskabet 2015"]
[Site "Sundbyoster"]
[Date "2015.09.08"]
[Round "4"]
[White "Brorsen, Kristian"]
[Black "Dupont, Michael Kim"]
[Result "0-1"]
[WhiteElo "1189"]
[BlackElo "1215"]
[PlyCount "106"]
[EventDate "2015.??.??"]

1. d4 c6 2. e4 d6 3. Nf3 Bg4 4. Be2 Nd7 5. O-O Qc7 6. Bf4 Bxf3 7. Bxf3 e5 8.
Bg3 Ngf6 9. dxe5 dxe5 10. Nd2 Rd8 11. Qe2 Be7 12. Nc4 O-O 13. a3 b5 14. Ne3 Nc5
15. Nf5 g6 16. Nxe7+ Qxe7 17. Bh4 h5 18. Qe3 Kg7 19. Bxh5 Rh8 20. Bxf6+ Kxf6
21. Bg4 Kg7 22. Rad1 Na4 23. b4 Nb2 24. Rxd8 Rxd8 25. Qc3 Nc4 26. Be2 Nd2 27.
Rd1 Nxe4 28. Qxc6 Rxd1+ 29. Bxd1 Qd6 30. Qxd6 Nxd6 31. Kf1 Nc4 32. Ke1 Nxa3 33.
Kd2 Nc4+ 34. Kc3 Nd6 35. Bf3 e4 36. Be2 f5 37. Kd4 a6 38. Kc5 Nc8 39. Kc6 Ne7+
40. Kc5 Kf6 41. c4 Nc8 42. cxb5 axb5 43. Bxb5 Ke7 44. Bc4 Nd6 45. b5 Nxc4 46.
Kxc4 Kd6 47. b6 Kc6 48. b7 Kxb7 49. Kd5 Kc7 50. Ke6 f4 51. Ke5 e3 52. fxe3 fxe3
53. Ke4 e2 0-1

[Event "Amagermesterskabet 2015"]
[Site "Sundbyoster"]
[Date "2015.09.08"]
[Round "4"]
[White "Frank Nielsen, Marie"]
[Black "Moller, Arne Vagn"]
[Result "0-1"]
[WhiteElo "1926"]
[BlackElo "1738"]
[PlyCount "111"]
[EventDate "2015.??.??"]

1. e4 c5 2. c3 d5 3. exd5 Qxd5 4. d4 e5 5. dxe5 Qxe5+ 6. Be3 Nf6 7. Nf3 Qc7 8.
Bb5+ Bd7 9. Qe2 Be7 10. Na3 a6 11. Bxd7+ Nbxd7 12. O-O O-O 13. Rad1 b5 14. c4
b4 15. Nc2 Rfe8 16. Qd3 Nf8 17. Qf5 Ne6 18. Ng5 Bd6 19. h4 Nxg5 20. hxg5 Bh2+
21. Kh1 Ne4 22. Rd7 Qe5 23. Qxf7+ Kh8 24. Qd5 Bf4 25. Qxe5 Bxe5 26. b3 Nc3 27.
Bxc5 a5 28. Re1 Nxa2 29. g3 a4 30. bxa4 b3 31. Nd4 b2 32. Ba3 Bxd4 33. Rxe8+
Rxe8 34. Bxb2 Bxb2 35. c5 Nb4 36. Rb7 Bc3 37. c6 Nxc6 38. Rc7 Bd4 39. Rxc6 Bxf2
40. Kg2 Be3 41. g6 hxg6 42. Rxg6 Kh7 43. Ra6 Re5 44. Kf3 Bd4 45. Kg4 Rc5 46.
Kf4 Bf6 47. Ra8 Bc3 48. Kg4 Kg6 49. Kh3 Kf6 50. Kg2 Kf5 51. Kf3 g6 52. Ra6 Be1
53. Kg2 Rc2+ 54. Kh3 Rc4 55. Ra8 Bc3 56. a5 0-1

[Event "Amagermesterskabet 2015"]
[Site "Sundbyoster"]
[Date "2015.09.08"]
[Round "4"]
[White "Giessing, Klaus Grenaa"]
[Black "Nielsen, Angelo"]
[Result "0-1"]
[WhiteElo "1000"]
[BlackElo "1495"]
[PlyCount "40"]
[EventDate "2015.??.??"]

1. Nf3 d6 2. d4 Nf6 3. g3 g6 4. Bg2 Bg7 5. Nc3 O-O 6. Bf4 Na6 7. Qd2 c5 8. a3
cxd4 9. Qxd4 e5 10. Bxe5 dxe5 11. Qxe5 Qc7 12. Qb5 Bd7 13. Qd3 Bc6 14. b4 Rad8
15. Qc4 Bd5 16. Qxc7 Nxc7 17. Nxd5 Nfxd5 18. Rd1 Nc3 19. Rxd8 Rxd8 20. e3 Rd1#
0-1

[Event "Amagermesterskabet 2015"]
[Site "Sundbyoster"]
[Date "2015.09.08"]
[Round "4"]
[White "Hansen, Benny"]
[Black "Haugaard, Thomas"]
[Result "0-1"]
[WhiteElo "1317"]
[BlackElo "1557"]
[PlyCount "64"]
[EventDate "2015.??.??"]

1. e4 c6 2. d4 d5 3. Nc3 dxe4 4. Nxe4 Bf5 5. Bd3 Qxd4 6. Qf3 Bxe4 7. Bxe4 Nf6
8. Ne2 Qxe4 9. Qh3 Nbd7 10. c3 e5 11. Be3 Bc5 12. O-O Bxe3 13. fxe3 O-O 14. Rf3
Qg4 15. Rd1 Qxh3 16. Rxh3 Rad8 17. Rf3 Nb6 18. Rxd8 Rxd8 19. Ng3 Rd1+ 20. Rf1
Rxf1+ 21. Kxf1 Nc4 22. Ke2 Nxb2 23. Kd2 Kf8 24. h3 g6 25. Kc2 Nc4 26. Kd3 b5
27. Ne2 Ke7 28. g4 Nd5 29. e4 Nf4+ 30. Nxf4 exf4 31. Ke2 Ke6 32. Kf3 Ke5 0-1

[Event "Amagermesterskabet 2015"]
[Site "Sundbyoster"]
[Date "2015.09.08"]
[Round "4"]
[White "Jensen, Jonbert"]
[Black "Madsen, Michael Leerberg"]
[Result "0-1"]
[WhiteElo "1363"]
[BlackElo "1652"]
[PlyCount "64"]
[EventDate "2015.??.??"]

1. e4 c5 2. Nf3 Nc6 3. d4 cxd4 4. Nxd4 Nf6 5. Nxc6 bxc6 6. Bd3 g6 7. Nc3 Bg7 8.
e5 Ng8 9. f4 d6 10. exd6 exd6 11. O-O Ne7 12. Qe2 O-O 13. Rb1 Nf5 14. Re1 Qb6+
15. Kh1 Bxc3 16. Bd2 Bxd2 17. Qxd2 d5 18. c3 Nd6 19. b3 Bf5 20. c4 Bxd3 21.
Qxd3 Ne4 22. Qe3 Rfe8 23. Kg1 Qxe3+ 24. Rxe3 d4 25. Ree1 d3 26. Re3 Nc3 27.
Rxe8+ Rxe8 28. Rb2 Re2 29. Rxe2 Nxe2+ 30. Kf2 Nxf4 31. g3 d2 32. gxf4 d1=Q 0-1

[Event "Amagermesterskabet 2015"]
[Site "Sundbyoster"]
[Date "2015.09.08"]
[Round "4"]
[White "Kinch, Peder"]
[Black "Tronning, Mark Philip"]
[Result "0-1"]
[WhiteElo "1316"]
[BlackElo "1456"]
[PlyCount "102"]
[EventDate "2015.??.??"]

1. f4 d5 2. Nf3 g6 3. e3 Bg7 4. c4 Nc6 5. d4 Nf6 6. Nc3 O-O 7. a3 Bg4 8. c5 Ne4
9. Be2 Nxc3 10. bxc3 b6 11. cxb6 axb6 12. O-O Bd7 13. c4 e6 14. Bd2 Qe7 15. Qb3
dxc4 16. Qxc4 Rxa3 17. Rxa3 Qxa3 18. Rb1 Rc8 19. Bc3 Qf8 20. Qb3 Qd8 21. Bb5
Ne7 22. e4 Bxb5 23. Qxb5 Ra8 24. Qc4 Nc8 25. Ne5 Nd6 26. Qd3 Bxe5 27. fxe5 Ne8
28. d5 Qd7 29. Qf3 Qe7 30. Bb4 Qd7 31. Rd1 Qb5 32. dxe6 f6 33. Bc3 Qc5+ 34. Bd4
Qe7 35. exf6 Qxe6 36. e5 Rb8 37. Rc1 c5 38. Bb2 c4 39. Rd1 b5 40. Bd4 b4 41.
Bc5 c3 42. Bd6 Rb6 43. Be7 c2 44. Rf1 Kf7 45. Qe3 Ra6 46. Bxb4 Qb6 47. Qxb6
Rxb6 48. Bd2 Nc7 49. Rc1 Rc6 50. Bb4 Ne6 51. Kf2 Nd4 0-1

[Event "Amagermesterskabet 2015"]
[Site "Sundbyoster"]
[Date "2015.09.08"]
[Round "4"]
[White "Mathiesen, Bjarne"]
[Black "Sorensen, Johnny"]
[Result "1-0"]
[WhiteElo "1517"]
[BlackElo "1318"]
[PlyCount "73"]
[EventDate "2015.??.??"]

1. e4 d6 2. Nf3 Nf6 3. Nc3 g6 4. Bc4 Bg7 5. d3 O-O 6. Be3 c6 7. a3 b5 8. Ba2
Nbd7 9. Rb1 a5 10. Ne2 e6 11. Ng3 Qe8 12. Qd2 Ne5 13. Nxe5 dxe5 14. f3 Qe7 15.
h4 c5 16. Bh6 Rd8 17. Bxg7 Kxg7 18. h5 Ng8 19. hxg6 fxg6 20. Qe3 Bd7 21. Kf2 b4
22. axb4 axb4 23. Bc4 h6 24. Rh2 Be8 25. Ke2 Bf7 26. Nf1 Rd4 27. Nd2 Rdd8 28.
g4 g5 29. Nb3 Rdc8 30. Rhh1 Nf6 31. Ra1 Rxa1 32. Rxa1 Rh8 33. Qxc5 Qxc5 34.
Nxc5 Re8 35. Ra7 Kg6 36. Nd7 Nxg4 37. fxg4 1-0

[Event "Amagermesterskabet 2015"]
[Site "Sundbyoster"]
[Date "2015.09.08"]
[Round "4"]
[White "Nielsen, Bjorn"]
[Black "Svensson, John Michael"]
[Result "0-1"]
[WhiteElo "1105"]
[BlackElo "1477"]
[PlyCount "92"]
[EventDate "2015.??.??"]

1. e4 d6 2. d4 Nf6 3. Nc3 g6 4. Nf3 Bg7 5. d5 O-O 6. Bd3 Nbd7 7. O-O Nc5 8. Bg5
Nxd3 9. Qxd3 Nd7 10. Rab1 Nc5 11. Qe3 Bg4 12. Nd4 Re8 13. Nb3 Nxb3 14. axb3 Bd7
15. Qf3 c6 16. Bd2 cxd5 17. Nxd5 e6 18. Nb4 a5 19. Nd3 Rc8 20. Rfc1 Bc6 21. Re1
f5 22. Qd1 Bxe4 23. Bc3 Bxc3 24. bxc3 Rxc3 25. Rc1 Qg5 26. Rxe4 fxe4 27. Ne1 d5
28. g3 Rd8 29. h4 Qf5 30. Ng2 d4 31. Nf4 e5 32. Ne2 Rf3 33. Qf1 Rf8 34. Nxd4
exd4 35. Qc4+ Rf7 36. Rf1 d3 37. cxd3 exd3 38. Qd4 Rd7 39. Qc4+ Qd5 40. Qc8+
Rd8 41. Qc4 b5 42. Qc3 d2 43. Rd1 Rxc3 44. b4 Rc1 45. Rxc1 dxc1=Q+ 46. Kh2
Qch1# 0-1